书目信息 |
| 题名: |
中国画廊
|
|
| 作者: | 贾德江 主编 | |
| 分册: | 第4辑 | |
| 出版信息: | 北京 北京工艺美术出版社 2006 |
|
| 页数: | 212页 | |
| 开本: | 29cm | |
| 丛书名: | ||
| 单 册: | ||
| 中图分类: | J205.2 , J212.052 | |
| 科图分类: | ||
| 主题词: | 中国画--美术批评--中国--现代 , 绘画 , 绘画--美术批评--中国--现代 , 美术批评 , 中国画 | |
| 电子资源: | ||
| ISBN: | 7-80526-189-X | |
| 000 | 00850nam0 2200277 450 | |
| 001 | 003384044 | |
| 005 | 20070806084946.82 | |
| 010 | @a7-80526-189-X@dCNY78.00 | |
| 100 | @a20070226d2006 em y0chiy0110 ea | |
| 101 | 0 | @achi |
| 102 | @aCN@b110000 | |
| 105 | @aa z 000yy | |
| 200 | 1 | @a中国画廊@9zhong guo hua lang@h第4辑@f贾德江主编 |
| 210 | @a北京@c北京工艺美术出版社@d2006 | |
| 215 | @a212页@d29cm | |
| 330 | @a本书包括推介人语、名家聚焦、画院巡礼等栏目,并收录了著名画家王有政、白靖夫、杨晓阳、李小可等人的绘画作品和文章。 | |
| 606 | 0 | @a中国画@x美术批评@y中国@z现代 |
| 606 | 0 | @a绘画 |
| 606 | 0 | @a绘画@x美术批评@y中国@z现代 |
| 606 | 0 | @a美术批评 |
| 606 | 0 | @a中国画 |
| 690 | @aJ205.2@v4 | |
| 690 | @aJ212.052@v4 | |
| 701 | 0 | @a贾德江@9jia de jiang@f(1946~)@4主编 |
| 801 | 0 | @aCN@bNLC@c20070806 |
| 905 | @a10447@dJ205.2@e541:4 | |
| 中国画廊.第4辑/贾德江主编.-北京:北京工艺美术出版社,2006 |
| 212页;29cm |
| ISBN 7-80526-189-X:CNY78.00 |
| 本书包括推介人语、名家聚焦、画院巡礼等栏目,并收录了著名画家王有政、白靖夫、杨晓阳、李小可等人的绘画作品和文章。 |
| ● |
| 相关链接 |
|
|
|
|
正题名:中国画廊
索取号:J205.2/541:4
 
预约/预借
| 序号 | 登录号 | 条形码 | 馆藏地/架位号 | 状态 | 备注 |
| 1 | 0806401 | 208064011 | 第一样本阅览室/ [索取号:J205.2/541:4] | 在馆 | |
| 2 | 0806402 | 208064020 | 第一借阅区/ [索取号:J205.2/541:4] | 在馆 | |
| 3 | 0806403 | 208064039 | 第一借阅区/ [索取号:J205.2/541:4] | 在馆 | |
| 4 | 0806404 | 208064048 | 第一借阅区/ [索取号:J205.2/541:4] | 在馆 | |
| 5 | 0806405 | 208064057 | 第一借阅区/ [索取号:J205.2/541:4] | 在馆 | |
| 6 | 0806406 | 208064066 | 美术系资料室/ [索取号:J205.2/541:4] | 在馆 | |
| 7 | 0806407 | 208064075 | 密集书库-美术系/ [索取号:J205.2/541:4] | 在馆 | |
| 8 | 0806408 | 208064084 | 密集书库-美术系/ [索取号:J205.2/541:4] | 在馆 |